000 01300nam0a2200325 4500
001 RU\NLR\bibl\35082
005 20250615023912.0
010 _a5-292-02072-9
_9300
021 _aRU
_b98-522
_928
035 _a(NLR Aleph) 000034186
090 _a173863
_c173863
100 _a19990624d1997 |||y0rusy50 ca
101 0 _arus
102 _aRU
105 _ay z |||||
200 1 _aВузовские научные парки: социальный механизм нововведений
_fА.П. Клепов
_gПод ред. акад. Г.В. Дыльнова
210 _aСаратов
_cИзд-во Сарат. ун-та
_d1997
215 _a92 с.
_d20
320 _aБиблиогр.: с. 88-92
606 0 _aВысшая школа
_xНаучно-исследовательская работа
_xНововведения
_92115517
_3RU\NLR\auth\661278067
606 0 _aНаучные парки
_yРоссийская Федерация
_92095448
_3RU\NLR\auth\661267879
686 _aЧ214(2)73
686 _aУ9(2)-55
700 1 _aКлепов
_bА. П.
_gАлександр Петрович
_4070
801 0 _aRU
_bNLR
_c19990624
_gPSBO
801 1 _aRU
_bNLR
_c19990624
852 _aNLR
_j99-4/3093
942 _cBOOK
980 _aNB